| 000 | 00882cam a2200241 4500 | ||
|---|---|---|---|
| 001 | WB3912-16 | ||
| 008 | 030326n2003 000 0 eng u | ||
| 035 | _a(Sirsi) u121740 | ||
| 245 | _aAshtenne enters Europe | ||
| 260 | _c2003 | ||
| 490 |
_aEstates Gazette _v(0312) 22 March 2003, 35(1) |
||
| 520 | _aThe first pan-European sale and leaseback deal to include the UK is viewed as a major breakthrough for corporate real estate. Quoted industrialist specialist Ashtenne Holdings made its European debut with a 1m sq ft pan-European portfolio acquisition from Rexel. | ||
| 590 | _aWB | ||
| 650 | _aSALE AND LEASEBACK | ||
| 650 | _aEUROPE | ||
| 650 | _aCORPORATE REAL ESTATE | ||
| 650 | _aPROPERTY-COMMERCIAL PROPERTY | ||
| 650 | _aPAN-EUROPEAN | ||
| 650 | _aCORPORATE OCCUPIERS | ||
| 650 | _aFLEXIBLE LEASES | ||
| 690 | _aPROPERTY-LANDLORD AND TENANT | ||
| 942 | _n0 | ||
| 999 |
_c72353 _d72353 |
||